| 000 | 00556cam a2200205ua 4500 | ||
|---|---|---|---|
| 001 | 6705 | ||
| 005 | 20260515114107.0 | ||
| 008 | 140307n ii |||gr||||Z||||||eng | ||
| 040 | _cMAIN | ||
| 082 | _a657 | ||
| 245 |
_aPractice in accountancy : _bVolume II / _cBy Sankar prasad basu . |
||
| 250 |
_a6th ed./ rep / _bVolume II. |
||
| 260 |
_aCalcutta: _bRabindra library, _c1993. |
||
| 300 | _ax,1060p. | ||
| 653 | _aAccounting | ||
| 653 | _aAccountancy : | ||
| 700 |
_aBasu,Sankar Prasad, _eAuthor., |
||
| 700 |
_aDas,Monilal, _eAuthor. |
||
| 942 | _cBK | ||
| 999 |
_c5848 _d5848 |
||